Trouve les animaux par emoji - Statistiques

Statistiques générales
  • Ce quiz a été pris 138 fois
  • Le résultat moyen est 48 sur 58
Statistiques - réponses
Hint Réponse % Correct
🐈 chat
100%
🐶 chien
100%
🦁 lion
99%
🦊 renard
97%
🐻 ours
96%
🐯 tigre
95%
🐷 cochon
94%
🐔 poule
94%
🐮 vache
93%
🐸 grenouille
92%
🐵 singe
92%
🐭 souris
92%
🐴 cheval
91%
🐰 lapin
91%
🐑 mouton
91%
🐍 serpent
91%
🐢 tortue
91%
🐫 chameau
90%
🦎 lézard
90%
🐼 panda
90%
🐟 poisson
90%
🦀 crabe
89%
🐬 dauphin
89%
🦒 girafe
89%
🦍 gorille
89%
🦈 requin
89%
🦐 crevette
88%
🐊 crocodile
86%
🐳 baleine
85%
🐐 chèvre
85%
🐓 coq
85%
🐪 dromadaire
85%
🦘 kangourou
85%
🐨 koala
85%
🦓 zèbre
85%
🦆 canard
84%
🐗 sanglier
83%
🐹 hamster
81%
🦏 rhinoceros
79%
🦅 aigle
78%
🦜 perroquet
74%
🦌 cerf
73%
🦃 dindon
73%
🦉 hibou
73%
🐆 léopard
73%
🦛 hippopotame
71%
🐙 pieuvre
71%
🐣 poussin
71%
🦥 paresseux
69%
🦑 calamar
67%
🦢 cygne
66%
🦚 paon
66%
🐌 escargot
65%
🦩 flamant-rose
65%
🐧 pingouin
65%
🦞 homard
63%
🐝 abeille
62%
🦦 loutre
55%
Aucun quiz correspondant
Distribution des résultats
% des personnes avec chaque résultat
Percentile par nombre de réponses
Votre historique - résultats
Vous n’avez pas pris ce quiz